书目信息 |
| 题名: |
植物组织培养
|
|
| 作者: | 李春龙 , 万群 , 唐敏 主编 | |
| 分册: | ||
| 出版信息: | 成都 西南交通大学出版社 2016 |
|
| 页数: | 190页 | |
| 开本: | 26cm | |
| 丛书名: | 高等职业教育农学园艺类“十三五”规划教材 | |
| 单 册: | ||
| 中图分类: | Q943.1 | |
| 科图分类: | ||
| 主题词: | 植物组织--zhi wu zu zhi--组织培养--高等职业教育--教材 | |
| 电子资源: | ||
| ISBN: | 978-7-5643-4766-6 | |
| 000 | 01215nam 2200301 450 | |
| 001 | 1650193031 | |
| 005 | 20160908141721. | |
| 010 | @a978-7-5643-4766-6@dCNY32.00 | |
| 100 | @a20160908d2016 em y0chiy50 ea | |
| 101 | 0 | @achi |
| 102 | @aCN@b510000 | |
| 105 | @aa a 000yy | |
| 106 | @ar | |
| 200 | 1 | @a植物组织培养@Azhi wu zu zhi pei yang@f主编李春龙, 万群, 唐敏 |
| 210 | @a成都@c西南交通大学出版社@d2016 | |
| 215 | @a190页@c图 (部分彩图)@d26cm | |
| 225 | 2 | @a高等职业教育农学园艺类“十三五”规划教材@Agao deng zhi ye jiao yu nong xue yuan yi lei “ shi san wu ” gui hua jiao cai |
| 300 | @a省级重点专业建设成果 | |
| 320 | @a有书目 (第178-181页) | |
| 330 | @a本书除对植物组织培养的理论基础和基础知识作简明必要的介绍以外, 重点阐述了植物组织培养各方面的实用技术, 植物组织培养中常用设备和仪器的使用方法、植物组织培养的基本技术、植物脱毒技术、组培苗木的工厂化生产等。 | |
| 410 | 0 | @12001 @a高等职业教育农学园艺类“十三五”规划教材 |
| 606 | 0 | @a植物组织@Azhi wu zu zhi@x组织培养@x高等职业教育@j教材 |
| 690 | @aQ943.1@v5 | |
| 701 | 0 | @a李春龙@Ali chun long@4主编 |
| 701 | 0 | @a万群@Awan qun@4主编 |
| 701 | 0 | @a唐敏@Atang min@4主编 |
| 801 | 0 | @aCN@b人天书店@c20160908 |
| 905 | @aMUSE@dQ943.1@e2 | |
| 植物组织培养/主编李春龙, 万群, 唐敏.-成都:西南交通大学出版社,2016 |
| 190页:图 (部分彩图);26cm.-(高等职业教育农学园艺类“十三五”规划教材) |
| 省级重点专业建设成果 |
| ISBN 978-7-5643-4766-6:CNY32.00 |
| 本书除对植物组织培养的理论基础和基础知识作简明必要的介绍以外, 重点阐述了植物组织培养各方面的实用技术, 植物组织培养中常用设备和仪器的使用方法、植物组织培养的基本技术、植物脱毒技术、组培苗木的工厂化生产等。 |
| ● |
| 相关链接 |
|
|
|
正题名:植物组织培养
索取号:Q943.1/2
 
预约/预借
| 序号 | 登录号 | 条形码 | 馆藏地/架位号 | 状态 | 备注 |
| 1 | 817512 | 2000817512 | 第二书库/ [索取号:Q943.1/2] | 在馆 | |
| 2 | 817513 | 2000817513 | 第二书库/ [索取号:Q943.1/2] | 在馆 | |
| 3 | 817514 | 2000817514 | 第二书库/ [索取号:Q943.1/2] | 在馆 |